000 01232cam a2200169 4500500
005 20260208010817.0
041 _afre
042 _adc
100 1 0 _aVerdeau, Patricia
_eauthor
245 0 0 _aGizella Gutbrod, Joël Janiaud & Enikö Sepsi (dir.), Simone Weil. Philosophie, mystique, esthétique, Paris, Archives Karéline (coll. « Les Cahiers de philosophie de l’Institut français de Budapest »), 2012, 176 p., 21 €
260 _c2013.
500 _a84
520 _aRevue critique portant sur deux ouvrages de Marcel Hénaff sur le don : Le Prix de la vérité. Le don, l’argent, la philosophie, 2002 et Le Don des philosophes. Penser la réciprocité, 2012.
520 _aThe Philosophy of Gift. Reciprocity in AnthropologyCritical review of two books on gift by Marcel Hénaff : Le Prix de la vérité. Le don, l’argent, la philosophie, 2002 (English translation : The Price of Truth. Gift, Money and Philosophy, 2010) ; Le Don des philosophes. Penser la réciprocité, 2012.
786 0 _nRevue philosophique de la France et de l'étranger | 138 | 3 | 2013-08-29 | p. 401l-419l | 0035-3833
856 4 1 _uhttps://shs.cairn.info/revue-philosophique-2013-3-page-401l?lang=fr&redirect-ssocas=7080
999 _c1658333
_d1658333